[Event "Ruhrgebiet Verbandsklasse Gruppe 3 1718"]
[Site "Germany"]
[Date "2018.01.14"]
[Round "5.8"]
[White "Ropel, Dennis"]
[Black "Engelmann, Chris"]
[Result "1/2-1/2"]
[WhiteElo "1481"]
[BlackElo "1782"]
[PlyCount "52"]
[EventDate "2017.09.17"]
[EventType "team-tourn"]
[EventRounds "9"]
[EventCountry "GER"]
[SourceTitle "EXT 2022"]
[Source "ChessBase"]
[SourceDate "2021.10.06"]
[SourceVersion "1"]
[SourceVersionDate "2021.10.06"]
[SourceQuality "1"]
[WhiteTeam "Mengede SG"]
[BlackTeam "Wanne-Eickel SV Unser Fritz"]
[WhiteTeamCountry "GER"]
[BlackTeamCountry "GER"]

1. c4 Nf6 2. Nc3 e6 3. g3 d5 4. cxd5 exd5 5. d4 c6 6. Bg2 Be7 7. Nf3 0-0 8. 0-0 h6 9. a3 a5 10. Bd2 Be6 11. Ne5 Nbd7 12. Nd3 Bf5 13. Be1 Qb6 14. e3 Bxd3 15. Qxd3 Qxb2 16. Bd2 Qb6 17. Rab1 Qc7 18. a4 Ra6 19. Rfc1 Nb6 20. Be1 Bb4 21. Qd1 Bxc3 22. Rxc3 Ne4 23. Bxe4 dxe4 24. Rcb3 Rfa8 25. Bxa5 Rxa5 26. Rxb6 Rxa4 1/2-1/2